| 000 | 00462nam a2200181Ia 4500 | ||
|---|---|---|---|
| 008 | 230917s9999||||xx |||||||||||||| ||und|| | ||
| 020 | _cRS 3995.00 | ||
| 040 |
_e5011342 _aMAIN |
||
| 041 | _aEnglish | ||
| 082 | _a581.2 A84P(5) | ||
| 100 | _aAgrios, George N | ||
| 245 | 0 | _aPlant pathology | |
| 250 | _a5th ed. | ||
| 260 |
_aNew Delhi _bElsevier _c2020 |
||
| 300 | _axxii, 922 p. | ||
| 500 | _a4235 24/12/2021 IPD22/0911 27/12/2021 Main Budget | ||
| 942 | _cBK | ||
| 999 |
_c3773 _d3773 |
||